Statistics for Countries of the World by Population

Click here to take the quiz!

General Stats

  • This quiz has been taken 1,747 times
  • The average score is 75 of 156

Answers on the Map

Answers color-coded by a green-red scale on the quiz's map according to % correct below.
 

Answer Stats

LetterCountry% Correct
CChina
100%
IIndia
99%
U.United States
99%
IIndonesia
98%
PPakistan
96%
BBrazil
95%
NNigeria
95%
RRussia
93%
JJapan
92%
BBangladesh
90%
EEthiopia
90%
MMexico
90%
D....DR Congo
88%
VVietnam
88%
GGermany
87%
FFrance
86%
PPhilippines
86%
U.United Kingdom
86%
EEgypt
85%
IIran
85%
TTurkey
85%
IItaly
84%
TThailand
82%
S.South Africa
79%
S.South Korea
77%
TTanzania
77%
AArgentina
76%
CColombia
76%
KKenya
76%
SSpain
75%
UUganda
73%
AAlgeria
72%
MMyanmar
72%
UUkraine
72%
CCanada
71%
IIraq
71%
SSudan
71%
YYemen
70%
PPoland
69%
PPeru
68%
VVenezuela
68%
AAfghanistan
66%
S.Saudi Arabia
65%
ZZambia
64%
AAustralia
63%
MMorocco
62%
UUzbekistan
62%
AAngola
61%
MMalaysia
61%
ZZimbabwe
61%
N.North Korea
60%
MMozambique
59%
KKazakhstan
58%
GGhana
57%
CChile
55%
NNiger
54%
RRomania
54%
MMadagascar
53%
NNepal
53%
CCameroon
50%
I.Ivory Coast
50%
MMali
50%
B.Burkina Faso
48%
EEcuador
48%
NNetherlands
48%
GGuatemala
47%
TTaiwan
47%
U..United Arab Emirates
47%
S.Sri Lanka
46%
BBolivia
45%
HHaiti
45%
SSomalia
45%
CChad
44%
RRwanda
44%
CCambodia
43%
JJordan
43%
QQatar
43%
HHungary
42%
SSyria
42%
HHonduras
41%
P..Papua New Guinea
41%
S.South Sudan
41%
D.Dominican Republic
40%
IIsrael
40%
SSweden
40%
BBelgium
39%
GGreece
39%
GGuinea
39%
OOman
39%
PPortugal
39%
SSenegal
38%
TTunisia
38%
FFinland
37%
MMalawi
37%
CCuba
35%
DDenmark
35%
N.New Zealand
35%
AAustria
34%
LLaos
34%
R..Republic of the Congo
34%
BBenin
33%
C..Central African Republic
33%
C.Czech Republic
33%
JJamaica
33%
LLibya
33%
NNorway
33%
BBelarus
32%
IIreland
32%
BBurundi
31%
PParaguay
31%
AAzerbaijan
30%
UUruguay
30%
KKyrgyzstan
29%
SSwitzerland
29%
TTajikistan
29%
SSerbia
28%
BBulgaria
27%
E.El Salvador
25%
C.Costa Rica
24%
NNicaragua
24%
TTogo
24%
TTurkmenistan
24%
EEstonia
23%
LLithuania
23%
S.Sierra Leone
23%
B..Bosnia and Herzegovina
22%
E.East Timor
22%
LLatvia
22%
MMongolia
22%
NNamibia
22%
N.North Macedonia
22%
PPanama
22%
CCroatia
21%
KKuwait
21%
LLebanon
21%
AArmenia
20%
BBotswana
20%
EEswatini
20%
LLiberia
20%
MMauritania
20%
SSlovakia
20%
E.Equatorial Guinea
19%
GGabon
19%
GGeorgia
19%
T..Trinidad and Tobago
19%
EEritrea
18%
AAlbania
17%
LLesotho
16%
SSlovenia
16%
MMoldova
15%
SSingapore
15%
GGambia
13%
GGuinea-Bissau
13%
CCyprus
12%
MMauritius
12%
BBahrain
11%

Score Distribution

Percentile by Number Answered

Percent of People with Each Score

Your Score History

You have not taken this quiz